000 01508nam a22002177a 4500
005 20230105155251.0
008 230105b ||||| |||| 00| 0 eng d
040 _cAL
041 _aeng
082 _223
_a305.56
_bAMBS
100 _aB R Ambedkar
_968614
245 _aSlavery and untouchability which is worse?
260 _aNew Delhi
_bDevi Dayal
_c1989
300 _avii,54p.
_bPB
_c22x13cm.
365 _2Sociology
520 _a[Dr. Ambedkar has dealt with the subject of Slavery and Untouchability in chapter 3 & 8 of Vol. 5 of this series, under the caption-' Roots of the Problem ' ' Parallel cases '. We have however now come in possession of a booklet in which there are certain paragraphs which do not find place in Vol. No. V chapter 3 & 8. The material reproduced here when read together, makes consistent and complete reading. We have also no reason to doubt the genuineness of the material as the publisher of the said booklet Shri Devi Dayal was associated with Dr.Ambedkar during 1943-47. The facsimile of the title at the beginning of the chapter, as printed in the booklet vouchsafe the authorship of Dr. Ambedkar. Earlier paragraphs in the booklet i. e. from page I to 11 upto * considerations of humanity ' are already printed in Vol. 5 at page nos. 80 to 88. Mr. Bhagwandas of Delhi deserves credit for publishing this article for Mr. Devi Dayal—Editor]
650 _aUntouchability
_968611
650 _aNegro
_968612
700 _aAMBEDKAR (B R)
_968613
942 _2ddc
_cDB
999 _c226271
_d226271